| 000 | 00662nam a2200217 a 4500 | ||
|---|---|---|---|
| 001 | 000048342 | ||
| 003 | DO-SdBNP | ||
| 005 | 20220630111542.0 | ||
| 007 | ta | ||
| 008 | 190208s2009 dr 000 p spa d | ||
| 020 | _a9789945420524 | ||
| 040 |
_aDO-SdBNP _bspa _cBNPHU |
||
| 082 | 4 |
_bF363L _222 |
|
| 100 | 1 |
_aFernández, R. A. _973373 _qPapo |
|
| 245 | 1 | 0 |
_aLluvia y piedra / _cRamón Fernández Martínez-Papo. |
| 260 |
_aSan Francisco de Macorís, República Dominicana : _bAngeles de Fierro, _c2009. |
||
| 300 |
_a76 p. ; _c21 cm. |
||
| 500 | _aIncluye datos biográficos del autor en las solapas | ||
| 590 | _aInventariado, 2019/LP | ||
| 942 |
_2ddc _cLBS1 |
||
| 999 |
_c47830 _d47830 |
||